000 00829nam a22002653a 4500
001 47546
003 BD-RjUL
005 20211209054335.0
008 160809s1970 nyu | 0 10 0eng
035 _a(BD-RjUL)47665
040 _aBD-RjUL
_beng
_cBD-RjUL
041 _aeng
082 _a374.973
_bHAN 1970
245 0 0 _aHandbook of adult education /
_cedited by Robert M. Smith, George F. Aker [and] J.R. Kidd.
260 _aNew York ;
_aLondon :
_bMacmillan
_cc1970
300 _axxx, 594 p. ;
_c24 cm.
500 _aIncludes index
650 _aAdult education
_xDirectories
_zUnited States
_9144530
700 _a Smith, Robert M.
_9144531
700 _aAker, George F.
_9144532
700 _aKidd, J.R.
_9144533
710 2 _aAdult Education Association, 1960-
_9144534
942 _2ddc
_cBK
999 _c47546
_d47546